[Event "Galicia-ch U14"]
[Site "Padron"]
[Date "2022.02.26"]
[Round "1"]
[White "Seijas Lago, Manuel"]
[Black "Ibanez Cruces, Diego"]
[Result "0-1"]
[WhiteElo "1108"]
[BlackElo "1652"]
[PlyCount "50"]
[EventDate "2022.02.26"]
[EventType "swiss"]
[EventRounds "8"]
[EventCountry "ESP"]
[SourceTitle "EXT 2023"]
[Source "ChessBase"]
[SourceDate "2022.10.05"]
[SourceVersion "1"]
[SourceVersionDate "2022.10.05"]
[SourceQuality "1"]

1. e4 c5 2. Nf3 d6 3. d4 cxd4 4. c3 d3 5. Bxd3 Nf6 6. Nbd2 Nc6 7. 0-0 e6 8. Re1 Be7 9. Nf1 0-0 10. Ng3 Bd7 11. b4 Rc8 12. a4 Qc7 13. Bb2 h6 14. b5 Na5 15. e5 dxe5 16. Nxe5 Rfd8 17. Bc2 Bxb5 18. Qf3 Bc6 19. Nxc6 Qxc6 20. Ne4 Nc4 21. Bc1 Nd6 22. Nxf6+ Bxf6 23. Qxc6 Rxc6 24. Be4 Nxe4 25. Rxe4 Rd1+ 0-1